000 00831cam a22002893a 4500
001 17930
003 PGUSA
005 20140828083400.0
008 060305s2006||||xxu|||||s|||||000 d eng d
040 _aPGUSA
_beng
042 _adc
050 4 _aPR
100 1 _aShakespeare, William,
_d1564-1616
245 1 0 _aLe songe d'une nuit d'été
_h[electronic resource] /
_cWilliam Shakespeare
260 _bProject Gutenberg,
_c2006
506 _aPublic domain in the USA.
516 _aElectronic text
653 _aFairy plays
653 _aComedies
653 _aCourtship -- Drama
653 _aAthens (Greece) -- Drama
700 1 _aGuizot, François,
_d1787-1874
740 0 _aMidsummer Night's Dream. French
830 0 _aProject Gutenberg
_v17930
856 4 0 _uhttp://www.gutenberg.org/ebooks/17930
942 _cEB
999 _c247185
_d247185